Advances in enzyme regulation. V 13 (Record no. 24614)

MARC details
000 -LEADER
fixed length control field 00274nam a2200109Ia 4500
082 ## - DEWEY DECIMAL CLASSIFICATION NUMBER
Classification number 577.15
Item number WEB.13
100 ## - MAIN ENTRY--AUTHOR NAME
Personal name WEBER, G
245 #0 - TITLE STATEMENT
Title Advances in enzyme regulation. V 13
260 ## - PUBLICATION, DISTRIBUTION, ETC. (IMPRINT)
Place of publication Oxford
Name of publisher Pergamon
Year of publication 1975
942 ## - ADDED ENTRY ELEMENTS (KOHA)
Koha item type Books
Holdings
Withdrawn status Lost status Damaged status Not for loan Home library Current library Date acquired Full call number Accession Number Koha item type
        RRII Library RRII Library 16/12/2021 577.15 WEB.13 05291 Books